书目信息 |
| 题名: |
毛泽东与朱德
|
|
| 作者: | 赵鲁杰 著 | |
| 分册: | ||
| 出版信息: | 北京 中国青年出版社 2008 |
|
| 页数: | 449页 | |
| 开本: | 24cm | |
| 丛书名: | 毛泽东与政要交往书系 | |
| 单 册: | ||
| 中图分类: | K827=73 , A752 | |
| 科图分类: | ||
| 主题词: | 毛泽东--生平事迹 , 毛泽东--传记 | |
| 电子资源: | ||
| ISBN: | 978-7-5006-8059-8 | |
| 000 | 00996oam2 2200325 450 | |
| 001 | 1262302578 | |
| 005 | 20090929111155.67 | |
| 010 | @a978-7-5006-8059-8@dCNY34.00 | |
| 100 | @a20080418d2008 em y0chiy50 ea | |
| 101 | 0 | @achi |
| 102 | @aCN@b110000 | |
| 105 | @aa z 000yd | |
| 106 | @ar | |
| 200 | 1 | @a毛泽东与朱德@f赵鲁杰著@Amao ze dong yu zhu de |
| 210 | @a北京@c中国青年出版社@d2008 | |
| 215 | @a449页@c照片@d24cm | |
| 225 | 2 | @a毛泽东与政要交往书系 |
| 330 | @a本书以历史为经,人物交往为纬,全面表现毛泽东与朱德这两个现代中国历史上重要人物的交往活动和友情发展。 | |
| 461 | 0 | @1001003743191 |
| 600 | 0 | @a毛泽东@f(1893-1976) |
| 600 | 0 | @a毛泽东@f(1893-1976)@x生平事迹 |
| 600 | 0 | @a朱德@f(1886-1976)@x生平事迹 |
| 600 | 0 | @a朱德@f(1886-1976) |
| 606 | 0 | @a毛泽东@x生平事迹 |
| 606 | 0 | @a毛泽东@x传记 |
| 690 | @aK827=73@v4 | |
| 690 | @aA752@v4 | |
| 701 | 0 | @a赵鲁杰@4著@Azhao lu jie |
| 801 | 0 | @aCN@b110120@c20080305 |
| 905 | @a10447@dA752@eJY61 | |
| 毛泽东与朱德/赵鲁杰著.-北京:中国青年出版社,2008 |
| 449页:照片;24cm .-(毛泽东与政要交往书系 ) |
| ISBN 978-7-5006-8059-8:CNY34.00 |
| 本书以历史为经,人物交往为纬,全面表现毛泽东与朱德这两个现代中国历史上重要人物的交往活动和友情发展。 |
| ● |
| 相关链接 |
|
|
|
|
正题名:毛泽东与朱德
索取号:A752/JY61
 
预约/预借
| 序号 | 登录号 | 条形码 | 馆藏地/架位号 | 状态 | 备注 |
| 1 | 7809402 | 278094027 | 学院路分馆/ [索取号:A752/JY61] | 在馆 | |
| 2 | 7809403 | 278094036 | 学院路分馆/ [索取号:A752/JY61] | 在馆 | |
| 3 | 7809404 | 278094045 | 学院路分馆/ [索取号:A752/JY61] | 在馆 |